000 00587nam a2200205Ia 4500
005 20250508154916.0
008 008 250505s9999 xx 000 0 eng d
037 _aTextual
040 _aFEDL
_beng
_cFEDL
041 _aeng
_2eng
084 _a157.9, FOR
_qFEDL
100 _aFord Donald H.
245 0 _aSystems of pschotherapy : A comparative study
260 _aNew York, USA
_bJohn Wiley and Sons
_c1963
300 _axii,712p.
650 _aAbnormal Psychology
700 _a Urban Hugh B.
_9766371
942 _cTEXL
_h157.9, FOR
999 _c1352757
_d1352757